Statistics for Name these Europeans

Click here to take the quiz!

General Stats

  • This quiz has been taken 310 times
  • The average score is 20 of 44

Answer Stats

Answer% Correct
Mother Teresa
97%
Albert Einstein
96%
Napoleon Bonaparte
95%
Arnold Schwarzenegger
93%
Cristiano Ronaldo
92%
Vincent van Gogh
92%
Elizabeth II
90%
Marie Curie
89%
Pope Francis
87%
Julius Caesar
86%
Volodymyr Zelenskyy
82%
Socrates
79%
Vlad the Impaler
79%
Yuri Gagarin
76%
Novak Djokovic
74%
Oscar Wilde
70%
Jean-Claude Van Damme
65%
Penélope Cruz
61%
Alexander Lukashenko
59%
Franz Kafka
58%
Josip Broz Tito
58%
Gavrilo Princip
48%
George Soros
46%
Leif Erikson
46%
Magnus Carlsen
44%
Slavoj Žižek
25%
Leonhard Euler
23%
Sandi Toksvig
18%
Linus Torvalds
15%
Agnetha Fältskog
11%
Zydrunas Ilgauskas
10%
Arvo Pärt
9%
Jean Parisot de Valette
6%
Ernests Gulbis
5%
Maria Bakalova
5%
Valentina Monetta
5%
Radu Albot
4%
Gustáv Husák
3%
Antoni Martí
2%
Danka Kovinić
2%
Franz Joseph II
2%
Olivier Beretta
2%
Milcho Manchevski
1%
Victor Bodson
1%

Score Distribution

Percentile by Number Answered

Percent of People with Each Score

Your Score History

You have not taken this quiz